000 05903nam a22002777a 4500
005 20180316142634.0
008 130802s1738 fr ||||f |||| 001 0 lat d
040 _cSandra Yazo (modificó)
_dSandra Yazo (modificó)
041 0 _alat
082 0 4 _220
_a291.2
092 _aE28N040
100 1 _aTomás de Aquino
_cSanto
_d1225-1274
_9859
242 0 0 _aSuma Teológica de Santo Tomás de Aquino, distribuida por el autor en tres partes [Parte primera] ;
_yspa
_pPrimera sección de la Segunda Parte sobre las virtudes y los vicios en general. Y sobre el fin último del ser humano ;
_pSegunda sección de la Segunda Parte ;
_pTercera Parte que trata de la Encarnación de Cristo, de sus hechos y de su Pasión. También de los Sacramentos, mediante los cuales obtenemos la Salvación. Y de la resurrección; así como de lo que viene después de ella ;
_pAxiomas, de Agustín Hunnaeo sobre los Sacramentos de la Iglesia, según la doctrina de Santo Tomás de Aquino ;
_pBrevísimo Catecismo Católico, del mismo Agustín Hunnaeo. Contiene todas aquellas cosas que los cristianos deben creer y hacer para conseguir la salvación de su alma ;
245 1 0 _aSumma Theologica S. Thomae Aquinatis ... In tres partes ab auctore suo distributa [Pars prima] ;
_pPrima Secundae Partis ... De virtutibus et vitiis in genere. De ultimo fine humanae vitae ;
_pSecunda Secundae ... ;
_pTertia Pars ... Ubi de Christi Incarnatione & de iis quae ipse egit atque passus est. De Sacramentis, quibus salutem consequimur. De Resurrectione, & iis quae eam consequuntur ;
_pAugustini Hunnaei de Sacramentis Ecclesiae Christi axiomata ... ;
_pBrevissimus Catechismus Catholicus Omnia Quae Christianos ad aeternam animi salutem consequendam credere & facere oportet, complectens ... Augustino Hunnaeo auctore ;
260 _aLugduni [Lyon] (Francia)
_bApud Fratres Deville [En los talleres de los hermanos Deville]
_c1738
300 _a5 obras en 3 volúmenes ([14], 264, [7], 264 ; [4], 396 ; [6], 444, 20, [49] páginas)
_c36 x 23 cm.
500 _aDetalles físicos: Encuadernación flexible en pergamino. Tapas y lomo con raspaduras, manchas y arrugas; V.3 notorio daño por rotura en lomo y tapa posterior. Conserva parcialmente las guardas. V.1 Con anteportada, portada impresa en dos tintas, las demás en una sola tinta. Anotaciones manuscritas de propiedad, en V.2 y V.3 marca de propiedad de las portadas arrancadas. Portadas con la marca tipográfica de los editores. Palabras al lector. Privilegio Real. Elogios a Santo Tomás. Licencias y permisos. Texto impreso en dos columnas, con varios tipos y tamaños de letra, separadas por una línea vertical. Apostillas marginales. Mayúsculas capitales. Cenefas y remates. Sumarios al inicio de cada cuestión. Privilegio Real, en francés (París, 1726). Papel muy manchado, deterioro en bordes de páginas. V.2 págs. 27-35, V.3 págs. 61-64, 305-308 empiezan a desprenderse
505 _aV.1: Suma Teológica, Parte I: Naturaleza de la ciencia sagrada (teología) ; Dios: Existencia ; Simplicidad ; Perfección ; Bondad ; Infinitud y omnipresencia ; Inmutabilidad y eternidad ; Cómo conocemos a Dios ; La ciencia de Dios ; La voluntad de Dios ; El amor de Dios ; Providencia y predestinación ; La Trinidad: Unidad y pluralidad en Dios ; Pluralidad de personas ; Las relaciones ; Relación: Persona-esencia ; Persona-acciones ; Persona-propiedades ; Misiones divinas ; Creación: Las cosas son creaturas ; El mal: Causas ; Los ángeles -- V.2 – T.1: Suma Teológica, Parte 2, sección 1: Fin último del hombre ; Qué es la bienaventuranza ; La bienaventuranza humana ; Requisitos de la bienaventuranza ; Lo voluntario y lo involuntario ; Circunstancias del acto humano ; La voluntad: objeto y motivos ; La intención ; La elección ; La deliberación ; El consentimiento ; Bondad o malicia del acto humano ; Las pasiones del alma ; Bien y mal en las pasiones del alma ; El amor ; El odio ; La concupiscencia ; La delectación: causas y efectos ; La tristeza ; La ira ; Los hábitos ; Las virtudes ; Virtudes morales e intelectuales ; Las virtudes teologales ; Las Bienaventuranzas ; Los vicios ; El pecado ; El pecado original -- V.2 – T.2: Suma Teológica, Parte 2, sección 2: Virtudes cardinales: La fe ; La herejía ; La apostasía ; El pecado de Blasfemia ; La esperanza ; La desesperanza ; El desespero ; La presunción ; La caridad ; Los dones del Espíritu Santo ; La beneficencia ; La limosna ; La paz ; La discordia ; El cisma ; La guerra ; La sedición ; La Prudencia y la Justicia ; La virtud de la religión ; La oración ; La devoción ; Las supersticiones ; Los votos ; Los diezmos ; La fortaleza y la templanza ; Algunos dones especiales: la profecía, don de lenguas, milagros ; La vida contemplativa ; La vida activa ; Los estados de perfección -- V.3: Suma Teológica, Parte 3: La encarnación ; El modo de unión del Verbo con la naturaleza humana asumente ; La unión hipostática ; La gracia de Cristo ; La ciencia de Cristo ; Unidad de Cristo en el ser y en la voluntad ; Cristo, mediador entre Dios y los hombres ; María y la concepción de Jesucristo ; Misterios principales de la vida de Jesús ; La Pasión, muerte, resurrección y ascensión ; Los Sacramentos en general y en particular -- Suplemento: Axiomas sobre los Sacramentos de la Iglesia, según la doctrina de Santo Tomás de Aquino / Agustín Hunnaeo ; Brevísimo Catecismo Católico Contiene todas aquellas cosas que los cristianos deben creer y hacer para conseguir la salvación de su alma / Agustín Hunnaeo.
506 _aConsulta en sala
546 _aTexto en latín
650 7 _941481
_aTeología Moral
_xObras anteriores a 1800
650 7 _aTeología dogmática
_xObras anteriores a 1800
_933842
690 _aTeología
_925230
700 1 _aHunnaeus, Augustinus
_d1521-1577 or 1578 ‎
_991774
942 _cLIBRO
_e1
_2LOCAL
_hE28N040
999 _c180121
_d180121